Economía de la competencia imperfecta (Registro nro. 5362)
[ vista simple ]
| 000 -LEADER | |
|---|---|
| fixed length control field | 02190 a2200217 4500 |
| 001 - CONTROL NUMBER | |
| control field | 54115 |
| 005 - DATE AND TIME OF LATEST TRANSACTION | |
| control field | 20260407155812.0 |
| 008 - FIXED-LENGTH DATA ELEMENTS--GENERAL INFORMATION | |
| fixed length control field | 260407a1973 arg spa d |
| 003 - CONTROL NUMBER IDENTIFIER | |
| control field | AR-UNSa-BCEJYS |
| 040 ## - CATALOGING SOURCE | |
| Original cataloging agency | AR-UNSa-BCEJYS |
| Language of cataloging | spa |
| Transcribing agency | AR-UNSa-BCEJYS |
| 080 ## - UNIVERSAL DECIMAL CLASSIFICATION NUMBER | |
| Universal Decimal Classification number | 339.137 |
| Common auxiliary subdivision | Competencia. Dumping (Perfecta - Imperfecta) |
| 020 ## - INTERNATIONAL STANDARD BOOK NUMBER | |
| International Standard Book Number | 84-270-0198-3 |
| 041 ## - LANGUAGE CODE | |
| Language code of text/sound track or separate title | spa |
| 100 1# - MAIN ENTRY--PERSONAL NAME | |
| Personal name | Robinson, Joan |
| 245 10 - TITLE STATEMENT | |
| Title | Economía de la competencia imperfecta |
| 264 #1 - PRODUCTION, PUBLICATION, DISTRIBUTION, MANUFACTURE, AND COPYRIGHT NOTICE | |
| Place of production, publication, distribution, manufacture | Barcelona : |
| Name of producer, publisher, distributor, manufacturer | Ediciones Martínez Roca |
| Date of production, publication, distribution, manufacture, or copyright notice | 1973 |
| 300 ## - PHYSICAL DESCRIPTION | |
| Extent | 413 p. |
| Dimensions | 20 cm. |
| 505 ## - FORMATTED CONTENTS NOTE | |
| Formatted contents note | I. La técnica - 1. Las hipótesis - 2. Los instrumentos de cálculo - II. Equilibrio de monopolio - 3. Equilibrio de monopolio - 4. Cambios en la demanda - 5. Cambios en los costos - III. Equilibrio en régimen de competencia - 6. La curva de oferta - 7. Equilibrio en régimen de competencia - 8. Una digresión sobre la renta - 9. La curva de oferta bajo la competencia perfecta - IV. Comparación de la producción en condiciones de monopolio y de competencia - 10. Una digresión sobre las cuatro curvas de costos - 11. Comparación de la producción en condiciones de monopolio y de la competencia - 12. Comentario a la comparación - 13. Control del precio de monopolio - 14. Objeciones a la comparación - V. Discriminación de precios - 15. Discriminación de precios - 16. La moral de la discriminación de precios - VI. Monopsonio - 17. Una digresión sobre el comprador - 18. Monopsonio - 19. Relación del monopsonio y el monopolio con la competencia perfecta - VII. Demanda de un factor de la producción - 20. Una digresión sobre la productividad marginal neta - 21. Demanda de trabajo por cada empresario - 22. La curva de demanda de trabajo para una rama de la industria - VIII. Comparación de la demanda de trabajo en condiciones de monopolio y de competencia - 23. Comparaciones de la demanda de trabajo en condiciones de monopolio y de competencia - 24. Corrección de las comparaciones - IX. Explotación - 25. Explotación monopolística del trabajo - 26. Explotación monopsonística del trabajo - X. Un mundo de monopolios - 27. Un mundo de monopolios |
| 590 ## - LOCAL NOTE (RLIN) | |
| Local note | niveau_biblio:m niveau_hierar:0 |
| 942 ## - ADDED ENTRY ELEMENTS (KOHA) | |
| Koha item type | |
| Withdrawn status | Lost status | Damaged status | Not for loan | Home library | Current library | Shelving location | Date acquired | Total checkouts | Full call number | Barcode | Date last seen | Price effective from | Koha item type |
|---|---|---|---|---|---|---|---|---|---|---|---|---|---|
| Biblioteca Prof. Eusebio Cleto del Rey | Biblioteca Prof. Eusebio Cleto del Rey | 07/04/2026 | 339.137 R655 | L13215 | 07/04/2026 | 07/04/2026 | Libro | ||||||
| Biblioteca Prof. Eusebio Cleto del Rey | Biblioteca Prof. Eusebio Cleto del Rey | 07/04/2026 | 339.137 R655 | L13216 | 07/04/2026 | 07/04/2026 | Libro |